| 000 | 00417nam a2200193Ia 4500 | ||
|---|---|---|---|
| 008 | 210210b1953 xxu||||| |||| 00| 0 eng d | ||
| 041 | _aeng | ||
| 082 | _a320/174 | ||
| 100 | _aFONSECA (A) | ||
| 245 | _aCitizen and the state | ||
| 260 |
_aPoona _b- _c1953 |
||
| 300 | _av,204,v | ||
| 650 | _athe | ||
| 650 | _astate | ||
| 650 | _aCitizen | ||
| 650 | _aand | ||
| 690 | _aPolitical Science | ||
| 906 | _a001925 | ||
| 999 |
_c117795 _d117795 |
||